Normal view MARC view
  • Speech Governor General of Pakistan

Entry Topical Term

Number of records used in: 1

001 - CONTROL NUMBER

  • control field: 108651

003 - CONTROL NUMBER IDENTIFIER

  • control field: NUST

005 - DATE AND TIME OF LATEST TRANSACTION

  • control field: 20230206115055.0

008 - FIXED-LENGTH DATA ELEMENTS

  • fixed length control field: 230206|| aca||aabn | a|a d

040 ## - CATALOGING SOURCE

  • Original cataloging agency: NUST
  • Transcribing agency: NUST

150 ## - HEADING--TOPICAL TERM

  • Topical term or geographic name entry element: Speech Governor General of Pakistan

670 ## - SOURCE DATA FOUND

  • Source citation: Work cat.: (NUST)187494: Mohammad Ali Jinnah , Quaid-i-Azam 108650, Quaid-i-Azam Mohammad Ali Jinnah :, 1989
© 2023 Central Library, National University of Sciences and Technology. All Rights Reserved.